000 00680nam a2200241 a 4500
008
020 _a0415061741 (pbk.)
049 _aMAIN
090 _aPN98.43
_bNOR
100 1 _aNorris, Christopher.
245 1 0 _aDeconstruction theory and practice /
_cChristopher Norris.
260 _aLondon :
_bRoutledge,
_c1991.
300 _axii,196 p. ;
_c20 cm.
440 _aNew accents.
504 _aIncludes bibliographical references.
500 _aIncludes index.
650 1 _aDeconstruction
907 _a.b10181027
_b29-06-09
_c09-11-05
003
005 20230123134128.0
040 _cNUST
942 _cBOOKS
_kPN98.43
_mNOR
999 _c160536
_d160536